Sports Quiz

Random Sports or Football Quiz

Chicago Cubs All TIme Leaders in AVG by position Quiz Stats

 Plays Quiz not verified by Sporcle

Challenge
Share
Tweet
Embed
Score 0/9 Timer 10:00
0 Plays Today
Position Player % Correct
1BCap Anson
74.4%
CGabby Hartnett
51.3%
3BBill Madlock
33.3%
CFKiki Cuyler
30.8%
2BBilly Herman
23.1%
LFMoises Alou
23.1%
RFGeorge Gore
10.3%
SSCharlie Hollocher
7.7%
PHal Jeffcoat
7.7%

You're not logged in!

Compare scores with friends on all Sporcle quizzes.
Join for Free
OR
Log In

You Might Also Like...

Show Comments

Extras

Top Quizzes Today


Score Distribution

Your Account Isn't Verified!

In order to create a playlist on Sporcle, you need to verify the email address you used during registration. Go to your Sporcle Settings to finish the process.

Report this User

Report this user for behavior that violates our Community Guidelines.

Details: